¿Puedes nombrar todas las mejoras de monos? - Estadísticas

Estadísticas generales
  • Esta prueba ha sido intentada 6 veces
  • La puntuación promedio es 23 de 368
Estadísticas de respuestas
Torre Respuesta % Correcto
Mono Dardero 2xx Tiros afiladísimos
75%
Mono Dardero 1xx Tiros afilados
75%
Mono Dardero xx3 Ballesta
50%
Mono Dardero x4x Club de fans del supermono
50%
Mono Dardero xx5 Maestro ballestero
50%
Mono Ninja xx2 Abrojos
25%
Domador x2x Adasaurio
25%
Druida xx1 Alcance druida
25%
Tiratachuelas 5x Anillo infernal
25%
Mono Mago Archimago
25%
Mono As Ejemplar (Paragon) Artillero Goliat
25%
Tirabombas x4x Asesino de MOAB
25%
Domador 2xx Barracuda
25%
Mono Mortero xx3 Bengala
25%
Mono As x5x Bomba zar
25%
Mono Lanzabumeranes x3x Búmeran biónico
25%
Mono Lanzabumeranes 1xx Bumeranes mejorados
25%
Mono Lanzabumeranes xx3 Búmeran Kylie
25%
Supermono xx3 Caballero oscuro
25%
Mono Glacial x5x Cero absoluto
25%
Mono Dardero 3xx Clavopulta
25%
Fábrica de clavos 2xx Clavos al rojo blanco
25%
Fábrica de clavos xx2 Clavos inteligentes
25%
Mono Dardero x5x Club de fans del mono plasmático
25%
Disparador de dardos x5x D.A.M.
25%
Mono Francotirador xx1 Disparo rapido
25%
Mono Lanzabumeranes xx5 Dominación de MOAB
25%
Druida x3x Druida de la selva
25%
Druida 3xx Druida de la tormenta
25%
Druida x5x Espíritu del bosque
25%
Mono Ingeniero x3x Espuma limpiadora
25%
Domador x5x Gigantosaurio
25%
Mono Ninja x5x Gran saboteador
25%
Mono Lanzabumeranes 2xx Gujas
25%
Submonino 2xx Inteligencia avanzada
25%
Mono Mortero 5xx La más grande
25%
Fábrica de clavos xx1 | Mono Pirata xx1 Largo alcance
25%
Mono Dardero 4xx Leviatán
25%
Mono Dardero Ejemplar (Paragon) Maestro superior del plasma
25%
Mono Mago Ejemplar (Paragon) Magus Perfectus
25%
Submonino 1xx Mayor alcance
25%
Domador 5xx Megalodón
25%
Platanar xx3 Mercado
25%
Mono Lanzabumeranes x5x Permacarga
25%
Fábrica de clavos xx5 Permaclavo
25%
Helipiloto 2xx Persecución
25%
Domador 1xx Piraña
25%
Platanar 3xx Plantación
25%
Mono Pirata 4xx Portaaviones
25%
Domador xx5 Pouakai
25%
Mono Lanzabumeranes xx4 Presión de MOAB
25%
Monoaldea xx3 Pueblo moneril
25%
Supermono xx1 Retroceso
25%
Supermono x3x Robomono
25%
Helipiloto 3xx Rotores afilados
25%
Mono Pirata x5x Señor de los piratas
25%
Mono Ninja Ejemplar (Paragon) Sombra ascendida
25%
Submonino xx5 Subcomandante
25%
Supermono x1x Superalcance
25%
Fábrica de clavos 5xx Superminas
25%
Tiratachuelas x5x Supervorágine
25%
Tiratachuelas x1x Tachuelas de largo alcance
25%
Tiratachuelas x2x Tachuelas de superalcance
25%
Supermono x4x Tecnoterror
25%
Supermono 4xx Templo solar
25%
Domador 3xx Tiburón blanco
25%
Domador x4x Tiranosaurio rex
25%
Helipiloto xx2 | Mono Pirata 1xx | Tiratachuelas 1xx Tiro acelerado
25%
Mono Francotirador x2x Tiro de esquirlas
25%
Mono Ninja 3xx | Mono Pirata 2xx Tiro doble
25%
Tiratachuelas 2xx Tiro rapidísimo
25%
Mono Dardero x2x Tiros rapidísimos
25%
Mono Dardero x1x Tiros rápidos
25%
Mono Dardero x3x Tiro triple
25%
Fábrica de clavos x4x Tormenta de clavos
25%
Mono Lanzapegamento x5x Tormenta de pegamento
25%
Mono Dardero 5xx Ultraleviatán
25%
Domador x3x Velocirraptor
25%
Mono Dardero xx2 Visión mejorada
25%
Tiratachuelas x4x Vorágine de cuchillas
25%
Disparador de dardos 4xx Acelerador de plasna
0%
Alquimista x1x Ácido intenso
0%
Monoaldea x3x Agencia de inteligencia moneril
0%
Domador xx3 Águila real
0%
Tirabombas xx1 Alcance adicional
0%
Supermono x2x Alcance épico
0%
Fábrica de clavos x5x Alfombra de clavos
0%
Mono Mago Aliento de dragón
0%
Alquimista xx5 Alquimista maestro de los bloons
0%
Mono Mago Amo hechicero fénix
0%
Tiratachuelas 4xx Anillo de fuego
0%
Druida xx4 Ansia explotadora
0%
Helipiloto 5xx Apache principal
0%
Tirabombas 5xx Aplastabloons
0%
Mono Ingeniero x1x Área de servicio mayor
0%
Mono Ingeniero 1xx Arma centinela
0%
Mono Ingeniero xx3 Arma doble
0%
Submonino xx1 Armas gemelas
0%
Mono As x3x As bombardero
0%
Mono Lanzapegamento x4x Ataque pegajoso
0%
Submonino x5x Ataque preventivo
0%
Mono Mortero 3xx Aturdimiento
0%
Druida xx5 Avatar de la furia
0%
Supermono 3xx Avatar solar
0%
Mono As 3xx Avión caza
0%
Mono As x2x Avión espía
0%
Mono Francotirador 1xx Bala encamisada
0%
Mono Francotirador x3x Bala rebotadora
0%
Platanar x3x Banco moneril
0%
Mono Lanzapegamento 1xx Baño pegajoso
0%
Mono Pirata x3x Barco cañonero
0%
Mono Mortero x4x Batería de artillería
0%
Mono Mortero xx5 Blooncineración
0%
Mono Ninja 4xx Bloonjitsu
0%
Monoaldea x1x Bloqueador de regeneración
0%
Mono Mago Bola de fuego
0%
Fábrica de clavos 3xx Bolas con clavos
0%
Mono Lanzapegamento x1x Bolas mayores
0%
Mono Ninja xx3 Bomba cegadora
0%
Mono Ninja xx4 Bomba pegajosa
0%
Tirabombas xx5 Bombardeo
0%
Tirabombas 3xx Bombas bien grandes
0%
Tirabombas xx2 Bombas de fragmentación
0%
Tirabombas xx3 Bombas de racimo
0%
Tirabombas 1xx Bombas mayores
0%
Tirabombas 2xx Bombas pesadas
0%
Alquimista 5xx Brebaje permanente
0%
Alquimista 3xx Brebaje versánico
0%
Domador xx2 Búho americano
0%
Mono Lanzabumeranes x2x Bumeranes acelerados
0%
Mono Lanzabumeranes xx2 Bumeranes ardientes
0%
Mono Lanzabumeranes xx1 Bumeranes de largo alcance
0%
Mono Pirata xx3 Buque mercante
0%
Siremono x4x Caballero ártico
0%
Mono Francotirador 2xx Calibre grande
0%
Mono Ingeniero 5xx Campeón centinela
0%
Siremono x3x Campeón de las aguas revueltas
0%
Supermono xx4 Campeón oscuro
0%
Submonino xx3 Cañones triples
0%
Disparador de dardos 3xx Cañón láser
0%
Submonino x4x Capacidad de primer ataque
0%
Disparador de dardos x3x Cápsulas hidra
0%
Mono Mago Centelleo
0%
Mono Ingeniero 4xx Centinela experto
0%
Platanar 5xx Central platanera
0%
Platanar 4xx Centro de estudios plataneros
0%
Alquimista xx2 Charco de ácido
0%
Helipiloto x4x Chinook de apoyo
0%
Disparador de dardos 2xx Choque láser
0%
Monoaldea xx4 Ciudad moneril
0%
Mono Mago Clavo arcano
0%
Mono Ingeniero xx1 Clavos enormes
0%
Fábrica de clavos xx4 Clavos letales
0%
Fábrica de clavos xx3 Clavos longevos
0%
Mono Pirata xx2 Cofa de vigía
0%
Platanar xx1 Colectafácil
0%
Helipiloto xx5 Comandante Comanche
0%
Monoaldea xx2 Comercio moneril
0%
Mono Pirata xx4 Comercio preferido
0%
Domador xx4 Cóndor gigante
0%
Mono Glacial x1x Congelamiento mejorado
0%
Mono Glacial x2x Congelamiento profundo
0%
Mono Ninja x2x Contraespionaje
0%
Druida x2x Corazón de roble
0%
Druida 2xx Corazón de trueno
0%
Druida xx2 Corazón de venganza
0%
Helipiloto x3x Corriente de aire
0%
Mono Mortero xx2 Cosa quemadora
0%
Mono Glacial xx3 Criocañón
0%
Helipiloto 1xx Cuatridardos
0%
Helipiloto 4xx Dardicóptero Apache
0%
Helipiloto xx1 Dardos acelerados
0%
Submonino xx4 Dardos antiblindaje
0%
Submonino x1x Dardos con espina
0%
Submonino xx2 Dardos de detonación aérea
0%
Mono Dardero xx1 Dardos de largo alcance
0%
Submonino x2x Dardos de punta caliente
0%
Mono As xx1 Dardos más afilados
0%
Disparador de dardos xx2 Dardos poderosos
0%
Mono Ingeniero x2x Deconstrucción
0%
Monoaldea x5x Defensa nacional
0%
Helipiloto xx4 Defensor Comanche
0%
Mono Francotirador xx5 Defensor de élite
0%
Mono Pirata 3xx Destructor
0%
Mono Mortero 2xx Destructor de bloons
0%
Mono Ninja 1xx Disciplina ninja
0%
Mono Lanzapegamento 3xx Disolvente de bloons
0%
Disparador de dardos 1xx Disparo enfocado
0%
Mono Francotirador xx2 Disparo rapidísimo
0%
Mono Ninja x1x Distracción
0%
Mono Lanzabumeranes Ejemplar (Paragon) Dominador de las gujas
0%
Mono Mortero x5x Dominio total
0%
Druida xx3 Druida de la furia
0%
Platanar x5x Economía
0%
Siremono 1xx Eficiencia de tridente
0%
Supermono x5x El antibloon
0%
Tirabombas x5x Eliminador de MOAB
0%
Mono Glacial xx5 Empalactita
0%
Helipiloto xx3 Empujón de MOAB
0%
Submonino 5xx Energizador
0%
Druida x1x Enjambre de espinas
0%
Mono Francotirador x4x Entrega de provisiones
0%
Monoaldea 3xx Entrenamiento primario
0%
Monoaldea x2x Escáner radar
0%
Druida 4xx Esfera de rayo
0%
Mono As xx4 Espectro
0%
Druida 1xx Espinas duras
0%
Mono Glacial 3xx Esquirlas de hielo
0%
Mono Glacial xx4 Estalactitas
0%
Mono Mago Estallido arcano
0%
Mono Mortero 1xx Estallido mayor
0%
Supermono 2xx Estallidos de plasma
0%
Supermono 1xx Estallidos láser
0%
Alquimista 4xx Estimulante intenso
0%
Monoaldea 5xx Experiencia primaria
0%
Siremono x5x Exploseidón
0%
Helipiloto x5x Explosiones especiales
0%
Mono As xx5 Fortaleza voladora
0%
Mono Francotirador x5x Francotirador de élite
0%
Siremono x2x Frío de la marea
0%
Mono As 1xx Fuego rápido
0%
Mono Francotirador x1x Gafas de visión nocturna
0%
Domador xx1 Gerifalte
0%
Disparador de dardos x2x Giro de cañón acelerado
0%
Tirabombas x3x Golpeador de MOAB
0%
Alquimista xx4 Goma en oro
0%
Mono Ninja 5xx Gran maestro ninja
0%
Siremono 4xx Guerrero abisal
0%
Mono Lanzabumeranes 4xx Gujas con R.A.O.M.
0%
Helipiloto x2x IFR
0%
Tirabombas 4xx Impacto bloon
0%
Mono Pirata xx5 Imperio comercial
0%
Alquimista x3x Infusión inestable
0%
Mono Ingeniero 2xx Ingeniería acelerada
0%
Submonino 3xx Inmersión y apoyo
0%
Mono Mago Invovación de fénix
0%
Druida x4x La abundancia de la selva
0%
Siremono xx5 La armonía final
0%
Mono Mortero 4xx La grande
0%
Tiratachuelas x3x Lanzacuchillas
0%
Alquimista xx1 | Mono Lanzabumeranes x1x Lanzamiento acelerado
0%
Tirabombas x2x Lanzamisiles
0%
Tiratachuelas xx5 La zona tachuelada
0%
Supermono xx5 Leyenda de la noche
0%
Mono Lanzapegamento 4xx Licuador de bloons
0%
Monoaldea x4x Llamamiento a las armas
0%
Mono Mago Maestría arcana
0%
Mono Ninja xx5 Maestro bombardero
0%
Mono Ingeniero Ejemplar (Paragon) Maestro constructor
0%
Mono Mago Magia guiada
0%
Mono Mago Magia intensa
0%
Mono Lanzapegamento x3x Manguera de pegamento
0%
Tiratachuelas xx1 Más tachuelas
0%
Tiratachuelas xx2 Más tachuelas aún
0%
Mono Mortero xx1 Mayor precisión
0%
Siremono xx3 Melodía seductora
0%
Monoaldea 4xx Mentor primario
0%
Platanar xx4 Mercado central
0%
Mono Pirata x1x Metralla de uvas
0%
Alquimista 2xx Mezcla acídica
0%
Domador x1x Microrraptor
0%
Fábrica de clavos 4xx Minas con clavos
0%
Submonino x3x Misil balístico
0%
Monoaldea xx5 Monópolis
0%
Mono Pirata x4x Monos piratas
0%
Fábrica de clavos 1xx Montones mayores
0%
Siremono 3xx Morador del abismo
0%
Mono As 2xx Muchísimos más dardos
0%
Mono Francotirador 4xx Mutilador de MOAB
0%
Mono Pirata Ejemplar (Paragon) Navarca de los mares
0%
Monoaldea xx1 Negocios moneriles
0%
Mono Mago Nigromante: el ejército sin explotar
0%
Submonino Ejemplar (paragon) Núcleo de asedio naútico
0%
Mono Glacial 2xx Ola de frío
0%
Mono As 4xx Operación Tormenta de dardos
0%
Domador 4xx Orca
0%
Mono Francotirador 5xx Paralizador de MOAB
0%
Mono Mago Pared de fuego
0%
Mono Lanzapegamento 2xx Pegamento corrosivo
0%
Mono Lanzapegamento xx3 Pegamento de MOAB
0%
Mono Lanzapegamento xx4 Pegamento firme
0%
Mono Lanzapegamento xx2 Pegamento más fuerte
0%
Mono Lanzapegamento xx1 Pegamento más pegajoso
0%
Disparador de dardos xx3 Perdigones
0%
Mono Glacial 1xx Permahielo
0%
Mono Ingeniero xx2 Pin
0%
Mono As x1x Piña explosiva
0%
Mono Ingeniero 3xx Piñones
0%
Disparador de dardos xx1 Pivote acelerado
0%
Platanar x1x Plátanos longevos
0%
Platanar x2x Plátanos valiosos
0%
Alquimista xx3 Plomo en oro
0%
Alquimista 1xx Pociones mayores
0%
Alquimista x2x Pociones perecederas
0%
Mono Pirata 5xx Portaaviones insignia
0%
Siremono xx1 Precisión de ecosentido
0%
Mono Francotirador 3xx Precisión letal
0%
Platanar x4x Préstamo del FMI
0%
Mono Mago Príncipe de las tinieblas
0%
Fábrica de clavos x1x Producción acelerada
0%
Platanar 1xx Producción aumentada
0%
Platanar 2xx Producción mayor
0%
Fábrica de clavos x2x Producción rapidísima
0%
Mono Mortero xx4 Proyectiles devastadores
0%
Mono Mortero x3x Proyectiles pesados
0%
Siremono x1x Puntas más afiladas
0%
Disparador de dardos x1x Puntería avanzada
0%
Mono As xx3 Puntería infalible
0%
Tirabombas xx4 Racimo recursivo
0%
Mono Glacial xx1 | Monoaldea 1xx Radio mayor
0%
Siremono 2xx Rapidez de tridente
0%
Disparador de dardos 5xx Rayo de la perdición
0%
Submonino 4xx Reactor de bloontonio
0%
Mono Lanzabumeranes 3xx Rebote de gujas
0%
Mono Mortero x1x | Tirabombas x1x Recarga acelerada
0%
Mono Mortero x2x Recarga rápida
0%
Mono Glacial xx2 Recongelamiento
0%
Siremono xx2 Red de ecosentido
0%
Platanar xx2 Rescate de plátanos
0%
Siremono xx4 Resonancia sinfónica
0%
Mono Glacial 4xx Resquebrejamiento
0%
Mono Francotirador xx4 Rifle automático
0%
Tiratachuelas xx3 Rociador de tachuelas
0%
Mono Ninja x4x Sabotaje bloon
0%
Mono Lanzapegamento x2x Salpicadura de pegamento
0%
Tiratachuelas xx4 Saturación
0%
Mono Francotirador xx3 Semiautomático
0%
Mono As xx2 Sendero centrado
0%
Siremono 5xx Señor del abismo
0%
Mono Lanzabumeranes 5xx Señor de las gujas
0%
Mono Mago Sentido moneril
0%
Mono Ninja 2xx Shuriken afilados
0%
Mono Ninja xx1 Shuriken rastreadores
0%
Disparador de dardos xx4 Sistema negador de área para bloons
0%
Mono Ingeniero x4x Sobreaceleración
0%
Mono Lanzapegamento 5xx Solucionador de bloons
0%
Mono Lanzapegamento xx5 Superpegamento
0%
Mono Glacial 5xx Superquebradizo
0%
Druida 5xx Supertormenta
0%
Mono Ninja x3x Tácticas shinobi
0%
Monoaldea 2xx Tambores de la selva
0%
Mono Darderoxx4 Tirador afilado
0%
Mono Pirata x2x Tiro caliente
0%
Tiratachuelas 3xx Tiros calientes
0%
Alquimista x4x Tónico transformante
0%
Disparador de dardos x4x Tormenta de misiles
0%
Mono Glacial x4x Tormenta de nieve
0%
Mono Ingeniero xx4 Trampa para bloons
0%
Mono Ingeniero xx5 Trampa XXXL
0%
Alquimista x5x Tranformación total
0%
Mono As 5xx Trituracielos
0%
Fábrica de clavos x3x TrituraMOAB
0%
Helipiloto x1x Turbinas mayores
0%
Mono Lanzabumeranes x4x Turbocarga
0%
Mono Ingeniero x5x Ultraincremento
0%
Supermono xx2 Ultravisión
0%
Supermono 5xx Verdadero dios del sol
0%
Mono Glacial x3x Viento ártico
0%
Platanar xx5 Wall Street moneril
0%
Mono As x4x Zona cero
0%
Disparador de dardos xx5 Zona de exclusión de bloons
0%
No se encontraron pruebas coincidentes
Distribución de puntuación
Porcentaje de gente con cada puntuación
Porcentaje por número respondido
Historial de tus puntuaciones
No has intentado esta prueba.